书目信息 |
| 题名: |
中国结编法
|
|
| 作者: | 熊中实 , 朱文东 编著 | |
| 分册: | ||
| 出版信息: | 北京 中国建材工业出版社 2005.09 |
|
| 页数: | 88页 | |
| 开本: | 24cm | |
| 丛书名: | ||
| 单 册: | ||
| 中图分类: | TS935.5 | |
| 科图分类: | ||
| 主题词: | 绳索--Sheng Suo--编织--中国 | |
| 电子资源: | ||
| ISBN: | 978-7-80159-685-7 | |
| 000 | 00860nam0 2200253 450 | |
| 001 | CAL 012006070772 | |
| 005 | 20150819133337.09 | |
| 010 | @a978-7-80159-685-7@dCNY45.80 | |
| 100 | @a20060520d2005 em y0chiy0121 ea | |
| 101 | 0 | @achi |
| 102 | @aCN@b110000 | |
| 105 | @aaf z 000yy | |
| 106 | @ar | |
| 200 | 1 | @a中国结编法@AZhong Guo Jie Bian Fa@e基本·变化·组合@f朱文东, 熊中实编著 |
| 210 | @a北京@c中国建材工业出版社@d2005.09 | |
| 215 | @a88页@c图@d24cm | |
| 330 | @a本书分为基础篇、变化篇和组合篇。基础篇中保留了最基础的7种, 增加了3种; 变化篇介绍了6种变化系列共55种; 组合篇分为挂饰、车饰、钥匙和首饰28种。 | |
| 586 | @a | |
| 606 | 0 | @a绳索@ASheng Suo@x编织@y中国 |
| 690 | @aTS935.5@v5 | |
| 701 | 0 | @a熊中实@AXiong Zhong Shi@4编著 |
| 701 | 0 | @a朱文东@AZhu Wendong@4编著 |
| 801 | 0 | @aCN@c20150820 |
| 905 | @a河南城建学院图书馆@dTS935.5@eZ880@f2 | |
| 中国结编法:基本·变化·组合/朱文东, 熊中实编著.-北京:中国建材工业出版社,2005.09 |
| 88页:图;24cm |
| ISBN 978-7-80159-685-7:CNY45.80 |
| 本书分为基础篇、变化篇和组合篇。基础篇中保留了最基础的7种, 增加了3种; 变化篇介绍了6种变化系列共55种; 组合篇分为挂饰、车饰、钥匙和首饰28种。 |
| ● |
| 相关链接 |
|
|
|
正题名:中国结编法
索取号:TS935.5/Z880
 
预约/预借
| 序号 | 登录号 | 条形码 | 馆藏地/架位号 | 状态 | 备注 |
| 1 | 1166040 | 211660406 | 自科库501/501自科库 43排7列1层/ [索取号:TS935.5/Z880] | 在馆 | |
| 2 | 1166041 | 211660415 | 自科库501/501自科库 43排7列1层/ [索取号:TS935.5/Z880] | 在馆 |